[Event "11th ch-SRB w 2017"]
[Site "Zemun SRB"]
[Date "2017.04.05"]
[Round "8.4"]
[White "Velikic,A"]
[Black "Djukic,Sa"]
[Result "1-0"]
[WhiteElo "2167"]
[BlackElo "2165"]

1.e4 c5 2.Nf3 e6 3.d4 cxd4 4.Nxd4 a6 5.Nc3 Qc7 6.Bd3 Nf6 7.O-O Nc6 8.Nxc6 dxc6
9.Be3 h5 10.h3 Bd6 11.f4 e5 12.f5 Qe7 13.Qe1 b5 14.a4 Bb7 15.Nb1 Bc5 16.Nd2 h4
17.Nb3 Bxe3+ 18.Qxe3 Nh5 19.Na5 Nf4 20.Qb6 Qg5 21.Rxf4 exf4 22.Nxb7 O-O 23.Qf2
Rab8 24.Nc5 Qe7 25.axb5 cxb5 26.Nb3 Qf6 27.Qxf4 Rfe8 28.Re1 Qxb2 29.e5 Qc3
30.Re3 f6 31.Bxb5 Qxc2 32.Bxe8 {#r} 1-0

[Event "11th ch-SRB w 2017"]
[Site "Zemun SRB"]
[Date "2017.04.05"]
[Round "8.5"]
[White "Miladinovic,L"]
[Black "Eric,J"]
[Result "1-0"]
[WhiteElo "2168"]
[BlackElo "2232"]

1.c4 Nf6 2.Nc3 g6 3.Nf3 Bg7 4.e4 O-O 5.d4 c6 6.h3 d5 7.e5 Ne8 8.Bg5 Nc7 9.cxd5
cxd5 10.Qb3 Nc6 11.Be2 b6 12.Rc1 h6 13.Be3 Na5 14.Qc2 Bf5 15.Qd2 Kh7 16.h4 f6
17.exf6 exf6 18.h5 g5 19.Bd3 Bxd3 20.Qxd3+ Kg8 21.Qf5 Nc4 22.b3 Nd6 23.Qd3 Qe8
24.Kf1 Rc8 25.g3 Ne4 26.Kg2 f5 27.Ne2 Qe6 28.Ne5 Bxe5 29.dxe5 Qxe5 30.Bd4 Qd6
31.f3 Nc5 32.Qd2 N7e6 33.Ba1 Kh7 34.Rhd1 Rcd8 35.b4 Nb7 36.Nd4 Nxd4 37.Qxd4
Rf7 38.Rc2 Qe6 39.a3 Rfd7 40.Rdc1 Qf7 41.Rc8 Qe8 42.R8c6 Rf7 43.Rg6 Qf8
44.Rcc6 Re8 45.Qh8+ {#r} 1-0

[Event "ch-KAZ Women 2017"]
[Site "Almaty KAZ"]
[Date "2017.04.05"]
[Round "3.5"]
[White "Abdumalik,Z"]
[Black "Karabayeva,Z"]
[Result "1-0"]
[WhiteElo "2442"]
[BlackElo "2066"]

1.e4 g6 2.d4 Bg7 3.Nc3 c5 4.d5 d6 5.f4 f5 6.Bb5+ Bd7 7.Bxd7+ Qxd7 8.Nf3 Na6
9.e5 Nh6 10.O-O O-O 11.a4 Nc7 12.h3 Rad8 13.e6 Qe8 14.Qd3 a5 15.Nb5 Nxb5
16.axb5 b6 17.Ra4 Kh8 18.Ng5 Rc8 19.Re1 Bf6 20.b3 Kg7 21.Kh2 Ng8 22.g4 Nh6
23.Kg3 Ng8 24.Nf7 fxg4 25.hxg4 Rxf7 26.exf7 Kxf7 27.g5 Bg7 28.Rae4 Qd7 29.Re6
Rf8 30.Rh1 {#r} 1-0

[Event "ch-Moscow Final 2017"]
[Site "Moscow RUS"]
[Date "2017.04.04"]
[Round "4.4"]
[White "Gluhovsky,Mark"]
[Black "Gavrilov,Al1"]
[Result "0-1"]
[WhiteElo "2262"]
[BlackElo "2487"]

1.e4 c6 2.d4 d5 3.e5 Bf5 4.c4 e6 5.Nc3 Nd7 6.a3 dxc4 7.Bxc4 Nb6 8.Bb3 h6
9.Nge2 Bh7 10.O-O Ne7 11.Ng3 Nf5 12.Be3 Qd7 13.a4 a5 14.Nxf5 Bxf5 15.g4 Bh7
16.f4 Bb4 17.f5 Bxc3 18.bxc3 Nd5 19.fxe6 fxe6 20.Bd2 O-O-O 21.Qf3 Bg6 22.Rad1
h5 23.g5 h4 24.Rc1 h3 25.Qg3 Ne7 26.Rf4 Bf5 27.c4 Ng6 28.Rxf5 exf5 29.d5 f4
30.Bxf4 Qf5 31.Bd2 Qxe5 32.Qxe5 Nxe5 33.Bxa5 Rde8 34.Rd1 Rhf8 35.d6 Kd7 36.c5
Nf3+ 37.Kh1 Re2 {#R} 0-1

[Event "ch-Moscow Final 2017"]
[Site "Moscow RUS"]
[Date "2017.04.04"]
[Round "4.5"]
[White "Kovtunenko,A"]
[Black "Sarana,A"]
[Result "0-1"]
[WhiteElo "2097"]
[BlackElo "2464"]

1.e4 c5 2.Nf3 d6 3.d4 cxd4 4.Nxd4 Nf6 5.Nc3 a6 6.Bg5 Nbd7 7.Qe2 h6 8.Bxf6 Nxf6
9.O-O-O e5 10.Nf5 g6 11.Ne3 Be6 12.Nc4 Rc8 13.Nxe5 Qa5 14.Nd5 Bxd5 15.exd5
dxe5 16.Qxe5+ Be7 17.Qe2 Nxd5 18.Kb1 O-O 19.Qe4 Nc3+ 20.bxc3 Qb6+ 21.Kc1 Ba3+
22.Kd2 Qxf2+ {#R} 0-1

[Event "ch-Moscow Final 2017"]
[Site "Moscow RUS"]
[Date "2017.04.04"]
[Round "4.7"]
[White "Kozionov,Kirill"]
[Black "Savenkov,K"]
[Result "0-1"]
[WhiteElo "2440"]
[BlackElo "2324"]

1.d4 Nf6 2.c4 d6 3.Nf3 g6 4.Nc3 Bg7 5.e4 O-O 6.Be2 e5 7.Be3 Ng4 8.Bg5 f6 9.Bh4
Nc6 10.d5 Ne7 11.Nd2 f5 12.c5 h6 13.Nc4 g5 14.Bg3 Nf6 15.f3 b5 16.cxd6 cxd6
17.Nxb5 fxe4 18.Nbxd6 exf3 19.Bxf3 e4 20.Nxe4 Nxe4 21.Bxe4 Ba6 22.Qa4 Bxc4
23.Qxc4 Rc8 24.Qb3 Qa5+ 25.Kd1 Nf5 26.Rc1 Nd4 27.Qd3 Rxc1+ 28.Kxc1 Qxa2 29.Qa3
Qc4+ 30.Kb1 Nb5 31.Qe7 Qd4 32.Qe6+ Kh8 33.Kc2 Qxb2+ 34.Kd3 Qc3+ {#R} 0-1

[Event "ch-Moscow Final 2017"]
[Site "Moscow RUS"]
[Date "2017.04.04"]
[Round "4.8"]
[White "Kovalev,Eg"]
[Black "Naumkin,I"]
[Result "0-1"]
[WhiteElo "2291"]
[BlackElo "2426"]

1.e4 e5 2.Nf3 Nc6 3.d4 exd4 4.Nxd4 Bc5 5.Be3 Qf6 6.c3 Nge7 7.Bc4 Ne5 8.Be2 Qg6
9.O-O d6 10.f3 O-O 11.Nd2 d5 12.Kh1 Bb6 13.a4 a5 14.h3 N5c6 15.Bd3 Qf6 16.f4
Nxd4 17.e5 Qh6 18.cxd4 Bxh3 19.Kg1 Bf5 20.Be2 f6 21.Qb3 Rad8 22.Rf2 Qg6
23.Raf1 Bc2 24.Qc3 Nf5 25.g4 Nxe3 26.Qxe3 fxe5 27.fxe5 Rxf2 28.Qxf2 h5 29.b3
hxg4 30.Kg2 Qh5 31.Qf4 Qh3+ 32.Kg1 Be4 33.Nxe4 Bxd4+ 34.Nf2 g3 {#R} 0-1

[Event "ch-Moscow Final 2017"]
[Site "Moscow RUS"]
[Date "2017.04.04"]
[Round "4.9"]
[White "Kalinin,Niki"]
[Black "Dvalishvili,P"]
[Result "0-1"]
[WhiteElo "2208"]
[BlackElo "2423"]

1.e4 c5 2.Nf3 Nc6 3.Nc3 Nf6 4.d4 cxd4 5.Nxd4 d6 6.Bg5 Qa5 7.f4 Nxe4 8.Nb3 Nxc3
9.Qf3 Qd5 10.Qxc3 h6 11.Bh4 Qe4+ 12.Be2 Bg4 13.O-O-O Bxe2 14.Rd2 Qxf4 15.Bg3
Qc4 16.Qe3 Bg4 {#R} 0-1

[Event "ch-Moscow Final 2017"]
[Site "Moscow RUS"]
[Date "2017.04.04"]
[Round "4.12"]
[White "Makarian,Rudik"]
[Black "Geivondian,Arman"]
[Result "0-1"]
[WhiteElo "2207"]
[BlackElo "2388"]

1.c4 e6 2.Nf3 Nf6 3.g3 b6 4.Bg2 Be7 5.O-O O-O 6.d4 Bb7 7.Nc3 Ne4 8.Qc2 Nxc3
9.Qxc3 c5 10.Rd1 cxd4 11.Nxd4 Qc8 12.b3 Bxg2 13.Kxg2 Nc6 14.Bb2 Nxd4 15.Qxd4
Bf6 16.Qd2 Qc6+ 17.Kg1 Bxb2 18.Qxb2 Rfd8 19.Rac1 d6 20.Qd4 Qc5 21.Rd2 Qxd4
22.Rxd4 Kf8 23.Rd2 Ke7 24.a4 Rac8 25.e4 a6 26.Ra1 Rc5 27.Kg2 g5 28.Rd4 Rdc8
29.Rad1 R8c6 30.g4 h6 31.h3 b5 32.cxb5 axb5 33.a5 Kd7 34.R1d3 e5 35.Rd5 b4
36.a6 Rxd5 37.Rxd5 Rxa6 38.Rb5 Kc6 39.Rxb4 Rb6 40.Rc4+ Kd7 41.b4 Rc6 42.Rxc6
Kxc6 43.Kf3 Kb5 44.Ke3 Kxb4 45.Kd3 Kb3 46.f3 f6 47.Kd2 Kb2 48.Kd3 Kb3 49.Kd2
Kb2 50.Kd3 Kc1 {#R} 0-1

[Event "ch-Moscow Final 2017"]
[Site "Moscow RUS"]
[Date "2017.04.04"]
[Round "4.13"]
[White "Salman,P"]
[Black "Kurdakov,Y"]
[Result "1-0"]
[WhiteElo "2295"]
[BlackElo "2152"]

1.d4 e6 2.g3 Nf6 3.Bg2 d5 4.Nf3 Be7 5.O-O O-O 6.c4 c6 7.Qc2 Ne4 8.Ne5 f6 9.Nd3
f5 10.f3 Nd6 11.b3 Nd7 12.Bb2 Bg5 13.Kh1 Nf6 14.a4 h5 15.Ne5 Re8 16.Nc3 h4
17.g4 f4 18.e3 Nh7 19.Ne2 fxe3 20.c5 Nf7 21.Nxf7 Kxf7 22.f4 Be7 23.Qxh7 b6
24.f5 exf5 25.gxf5 Bf6 26.Bf3 Rh8 27.Bh5+ Ke7 28.Qg6 Qf8 29.cxb6 Kd8 30.Ba3
Be7 31.Qxc6 axb6 32.Qxb6+ Kd7 33.Rac1 Bd6 34.Qc6+ {#r} 1-0

[Event "ch-Moscow Final 2017"]
[Site "Moscow RUS"]
[Date "2017.04.04"]
[Round "4.15"]
[White "Tarasov,O"]
[Black "Koshevoy,S"]
[Result "1-0"]
[WhiteElo "2252"]
[BlackElo "2206"]

1.e4 c6 2.d4 d5 3.exd5 cxd5 4.c4 Nf6 5.Nc3 e6 6.Nf3 Bb4 7.cxd5 Nxd5 8.Qc2 Nc6
9.Bd3 Ba5 10.a3 Nxc3 11.bxc3 Nxd4 12.Nxd4 Qxd4 13.O-O Qe5 14.c4 Bd7 15.Bb2 Qh5
16.Be4 Bc6 17.Bxc6+ bxc6 18.Bxg7 Rg8 19.Qe4 Ke7 20.Be5 Rac8 21.Qd4 f6 22.Qxa7+
Ke8 23.Bd6 Bd8 24.Qb7 Qg4 25.g3 e5 26.Qxh7 Qxc4 27.Rad1 Qf7 28.Qf5 Qd7
29.Qxd7+ Kxd7 30.Bxe5+ Ke6 31.Bc3 Bc7 32.Rfe1+ Kf5 33.Rd7 Be5 34.Bxe5 fxe5
35.Re7 {#r} 1-0

[Event "ch-Moscow Final 2017"]
[Site "Moscow RUS"]
[Date "2017.04.04"]
[Round "4.17"]
[White "Antonov,Al2"]
[Black "Selivanov,Ivan"]
[Result "0-1"]
[WhiteElo "2168"]
[BlackElo "2259"]

1.e4 c5 2.Nf3 d6 3.c3 Nf6 4.h3 g6 5.Bd3 Bg7 6.O-O O-O 7.Bc2 e5 8.d4 exd4
9.cxd4 Nc6 10.d5 Nb4 11.Nc3 Re8 12.Ba4 Bd7 13.Bxd7 Qxd7 14.a3 Na6 15.Qd3 Rac8
16.Nd2 c4 17.Qc2 Nc5 18.f3 b5 19.a4 b4 20.Ncb1 b3 21.Qxc4 Ncxe4 22.Qxb3 Ng3
23.Nc3 Nxf1 24.Nxf1 Re1 {#R} 0-1

[Event "ch-Moscow Women 2017"]
[Site "Moscow RUS"]
[Date "2017.04.04"]
[Round "4.5"]
[White "Fominykh,M"]
[Black "Zakariadze,Irina"]
[Result "1-0"]
[WhiteElo "2301"]
[BlackElo "1883"]

1.Nf3 c5 2.e3 Nc6 3.d4 e6 4.Be2 Nf6 5.O-O Be7 6.c4 cxd4 7.Nxd4 O-O 8.Nc3 a6
9.e4 Qc7 10.Nc2 d6 11.b3 b6 12.Bb2 Bb7 13.Rc1 Rac8 14.Kh1 Rfd8 15.f4 Qb8 16.f5
d5 17.fxe6 fxe6 18.cxd5 exd5 19.Nxd5 Nxd5 20.exd5 Bg5 21.Bc4 Ne5 22.Qh5 Bf6
23.Rce1 Ng4 24.Bxf6 Nxf6 25.Rxf6 {#r} 1-0

[Event "ch-Moscow Women 2017"]
[Site "Moscow RUS"]
[Date "2017.04.04"]
[Round "4.6"]
[White "Kharmunova,N"]
[Black "Mirzoeva,E"]
[Result "0-1"]
[WhiteElo "2156"]
[BlackElo "2279"]

1.f4 c5 2.Nf3 Nc6 3.g3 g6 4.Bg2 Bg7 5.O-O d5 6.d3 Nf6 7.c3 O-O 8.Qe1 d4 9.Kh1
Rb8 10.Nbd2 dxc3 11.bxc3 Nd5 12.Nb1 b5 13.a3 b4 14.axb4 cxb4 15.Bd2 b3 16.d4
Nb6 17.Ne5 Nxe5 18.fxe5 Qc7 19.Ra5 Bb7 20.e4 a6 21.Bf4 e6 22.Qd1 Nd7 23.Ra4
Bc6 24.Ra3 a5 25.c4 Rb4 26.Qd3 Ba4 27.Nc3 Bc6 28.Nb1 a4 29.Bd2 Rbb8 30.Bc3
Rfd8 31.Qf3 Nb6 32.Nd2 Qe7 33.Raa1 Bh6 34.Qd3 Nd7 35.Nb1 Nxe5 36.Qe2 Nxc4
37.Rd1 Bb5 38.Qf3 a3 39.d5 e5 40.Bf1 a2 41.Nd2 Nxd2 42.Bxd2 Bxd2 {#R} 0-1

[Event "ch-Moscow Women 2017"]
[Site "Moscow RUS"]
[Date "2017.04.04"]
[Round "4.7"]
[White "Zherebtsova,A"]
[Black "Yurovskikh,Yasmin"]
[Result "1-0"]
[WhiteElo "2222"]
[BlackElo "1880"]

1.Nf3 d5 2.c4 c6 3.b3 f6 4.d4 Bg4 5.Nbd2 Qa5 6.Bb2 Nh6 7.h3 Bh5 8.e3 Nd7 9.Be2
e6 10.O-O Bb4 11.Nb1 O-O 12.a3 Bd6 13.Nc3 Rae8 14.b4 Qd8 15.e4 dxe4 16.Nxe4
Bb8 17.Re1 Bxf3 18.Bxf3 f5 19.Ng3 Qh4 20.d5 cxd5 21.cxd5 e5 22.d6 Kh8 23.Bxb7
Re6 24.Qh5 Qf6 25.Rad1 Rxd6 26.Rxd6 Qxd6 27.Qd1 Qc7 28.Bd5 Rd8 29.Bb3 Nf6
30.Qc2 Qxc2 31.Bxc2 g6 32.f4 Nf7 33.Nf1 Kg7 34.Ne3 Rc8 35.Bb3 Nd7 36.Nc4 Re8
37.Na5 Kh6 38.Bxf7 {#r} 1-0

[Event "Karpos Open 2017"]
[Site "Skopje MKD"]
[Date "2017.04.04"]
[Round "5.2"]
[White "Goryachkina,A"]
[Black "Artemiev,V"]
[Result "0-1"]
[WhiteElo "2452"]
[BlackElo "2677"]

1.d4 Nf6 2.c4 g6 3.Nf3 Bg7 4.g3 d5 5.Bg2 O-O 6.O-O Nc6 7.Na3 Bg4 8.Ne5 Be6
9.e3 dxc4 10.Nxc6 bxc6 11.Qe2 c5 12.dxc5 Qd3 13.Qxd3 cxd3 14.Bxa8 Rxa8 15.Rd1
Nd7 16.Rxd3 Ne5 17.Rd1 Bg4 18.Rf1 Rd8 19.Nb5 Nf3+ 20.Kg2 Ng5 21.f4 Bh3+ 22.Kg1
Ne4 23.Rb1 a6 24.Nxc7 Nxc5 25.b4 Ne4 26.Bb2 Bxf1 27.Bxg7 Bd3 28.Rd1 Kxg7
29.Nxa6 Ra8 30.Nc7 Ra3 31.b5 Be2 32.Rb1 Rxa2 {#R} 0-1

[Event "Karpos Open 2017"]
[Site "Skopje MKD"]
[Date "2017.04.04"]
[Round "5.4"]
[White "Kozul,Z"]
[Black "Livaic,Leon"]
[Result "1-0"]
[WhiteElo "2631"]
[BlackElo "2460"]

1.d4 Nf6 2.c4 e6 3.g3 d5 4.Bg2 dxc4 5.Nf3 Bb4+ 6.Bd2 a5 7.O-O O-O 8.Bg5 h6
9.Bxf6 Qxf6 10.e3 Nc6 11.Nfd2 e5 12.d5 Nb8 13.Nxc4 Nd7 14.a3 Bd6 15.Nc3 b6
16.Qc2 Ba6 17.Rfc1 Bxc4 18.Ne4 Qe7 19.Qxc4 a4 20.Nxd6 cxd6 21.Qc7 Rfc8
22.Qxc8+ Rxc8 23.Rxc8+ Kh7 24.Rc7 Qe8 25.Rc6 Qb8 26.Rac1 Nc5 27.Rc4 Qd8 28.Bf1
e4 29.h4 Qf6 30.Rd4 Qe5 31.Rxb6 g5 32.h5 f5 33.Rc6 Kg7 34.Bh3 f4 35.Kh2 fxg3+
36.fxg3 g4 37.Bxg4 Qg5 38.Rxd6 Qxe3 39.Rg6+ Kf8 40.Rb4 Qd2+ 41.Kh3 Qxd5
42.Rb8+ Ke7 43.Rg7+ Kf6 44.Rc7 Qd6 45.Rbc8 {#r} 1-0

[Event "Karpos Open 2017"]
[Site "Skopje MKD"]
[Date "2017.04.04"]
[Round "5.8"]
[White "Djukic,Ni"]
[Black "Anurag,M"]
[Result "1-0"]
[WhiteElo "2515"]
[BlackElo "2454"]

1.e4 e5 2.Nf3 Nc6 3.Bc4 Bc5 4.c3 Nf6 5.d3 a6 6.O-O O-O 7.d4 Ba7 8.dxe5 Ng4
9.Bf4 Qe7 10.Qd5 b5 11.Bb3 Bb7 12.Qd3 Ncxe5 13.Nxe5 Nxe5 14.Qg3 Ng6 15.Bxc7
Qxe4 16.Nd2 Qe2 17.Rad1 Rac8 18.Bd6 Rfe8 19.Nf3 Bxf3 20.Qxf3 Qxf3 21.gxf3 Re2
22.Bg3 Nf8 23.Rfe1 Rxe1+ 24.Rxe1 Bc5 25.Bd5 Ne6 26.Bb7 Rf8 27.b4 Be7 28.Bxa6
d5 29.Bxb5 d4 30.cxd4 Bxb4 31.Rd1 Bc3 32.d5 Nd4 33.a4 Rd8 34.d6 Kf8 35.d7
Nxf3+ 36.Kg2 Ne5 37.a5 {#r} 1-0

[Event "Karpos Open 2017"]
[Site "Skopje MKD"]
[Date "2017.04.04"]
[Round "5.10"]
[White "Aleksandrov,A"]
[Black "Nikolovski,Nikola"]
[Result "0-1"]
[WhiteElo "2568"]
[BlackElo "2353"]

1.d4 Nf6 2.c4 c5 3.d5 e6 4.Nc3 exd5 5.cxd5 d6 6.Nf3 g6 7.Nd2 Nbd7 8.e4 Bg7
9.Be2 O-O 10.O-O Re8 11.a4 Ne5 12.Re1 Nfg4 13.h3 Nxf2 14.Kxf2 Qh4+ 15.Kg1 Bxh3
16.Nf1 Ng4 17.Bxg4 Bxg4 18.g3 Qh3 19.Qc2 Bf3 20.Qh2 Qd7 21.Qf2 Bh5 22.Bf4 h6
23.Nd2 g5 24.Be3 Bg6 25.Qg2 b6 26.g4 a6 27.Bf2 b5 28.axb5 axb5 29.Qf3 c4
30.Rxa8 Rxa8 31.Rc1 Kh7 32.Kg2 Rc8 33.Nf1 b4 34.Nd1 c3 35.b3 Ra8 36.Nde3 Ra3
37.Ng3 Rxb3 38.Ngf5 Bf8 39.Nc4 Qc7 40.Qd3 Kg8 41.Nd4 Bxe4+ 42.Qxe4 Qxc4 43.Be3
Ra3 44.Rf1 Ra2+ 45.Kg1 Ra7 46.Bxg5 hxg5 47.Rf5 Be7 48.Rxg5+ Bxg5 49.Qe8+ Kg7
50.Nf5+ Kh7 {#R} 0-1

[Event "Karpos Open 2017"]
[Site "Skopje MKD"]
[Date "2017.04.04"]
[Round "5.11"]
[White "Tuncer,Tuna"]
[Black "Cossin,S"]
[Result "0-1"]
[WhiteElo "2325"]
[BlackElo "2499"]

1.e4 c5 2.Nf3 e6 3.d4 cxd4 4.Nxd4 a6 5.Bd3 Bc5 6.Nb3 Ba7 7.O-O Nc6 8.Kh1 Nf6
9.Nc3 d6 10.Qe2 Ne5 11.f4 Nxd3 12.cxd3 O-O 13.Be3 Bxe3 14.Qxe3 b5 15.Qd4 Re8
16.Rac1 e5 17.Qf2 Be6 18.Rc2 Rc8 19.Rfc1 b4 20.Nd1 Rxc2 21.Rxc2 d5 22.fxe5 Ng4
23.Qg3 dxe4 24.d4 Bxb3 25.axb3 Nxe5 26.Rd2 Nd3 27.Qe3 f5 28.g3 Qd5 29.Nf2 Rd8
30.Rc2 Qxd4 31.Qg5 Qd7 32.Nh3 Ne1 33.Rf2 Nf3 34.Qh5 Qd1+ {#R} 0-1

[Event "Karpos Open 2017"]
[Site "Skopje MKD"]
[Date "2017.04.04"]
[Round "5.12"]
[White "Sadikhov,U"]
[Black "Urazayev,Arystanbek"]
[Result "1-0"]
[WhiteElo "2453"]
[BlackElo "2320"]

1.e4 e5 2.Nf3 Nc6 3.Bc4 Bc5 4.c3 Nf6 5.d3 d6 6.Bb3 a6 7.O-O Ba7 8.Nbd2 h6
9.Re1 O-O 10.Nf1 Ne7 11.h3 Ng6 12.d4 Re8 13.Ng3 Be6 14.Bc2 c5 15.Be3 Bd7
16.Qd2 cxd4 17.cxd4 Rc8 18.Rad1 Bb8 19.Bb3 Bc7 20.Bxh6 Ba5 21.Qg5 d5 22.dxe5
Bxe1 23.exf6 gxh6 24.Qxh6 Bxf2+ 25.Kxf2 Qxf6 26.Nh5 Qxb2+ 27.Rd2 Qh8 28.Qg5
Rc6 29.Bxd5 Rb6 30.Bxf7+ Kxf7 31.Rxd7+ Kg8 32.Qd5+ Rbe6 33.Qf5 Qb2+ 34.Kg3 Kh8
35.Qf7 Nf8 36.Rxb7 Qc3 37.Nf4 {#r} 1-0

[Event "Karpos Open 2017"]
[Site "Skopje MKD"]
[Date "2017.04.04"]
[Round "5.13"]
[White "Goriatchkin,J"]
[Black "Stopa,Ja"]
[Result "1-0"]
[WhiteElo "2313"]
[BlackElo "2451"]

1.e4 c5 2.c3 d6 3.d4 Nf6 4.Bd3 Nc6 5.d5 Ne5 6.Bc2 g6 7.f4 Nc4 8.Qe2 Nb6 9.c4
Bg4 10.Nf3 Bxf3 11.Qxf3 Bg7 12.Bd3 Na4 13.O-O Nd7 14.Nc3 Nxc3 15.bxc3 Bxc3
16.Rb1 Rb8 17.g3 Bd4+ 18.Kh1 Qa5 19.a3 a6 20.e5 dxe5 21.f5 g5 22.Bxg5 f6
23.Bc1 Qc3 24.Bb2 Qa5 25.Bc1 Kd8 26.d6 exd6 27.Rxb7 Ke7 28.Bg5 Rxb7 29.Qxb7
Qd8 30.Bh4 Rf8 31.Be4 Kf7 32.Bd5+ Ke7 33.Rb1 Qb8 34.Bc6 Qxb7 35.Rxb7 Rd8
36.Kg2 Be3 37.Kf3 Bc1 38.a4 h6 39.g4 d5 40.cxd5 Kd6 41.Bxd7 Rxd7 42.Rxd7+ Kxd7
43.Bxf6 Kd6 44.Ke4 Bf4 45.h4 c4 46.g5 hxg5 47.hxg5 c3 48.Kd3 Kxd5 49.g6 Bh6
50.g7 {#r} 1-0

[Event "Karpos Open 2017"]
[Site "Skopje MKD"]
[Date "2017.04.04"]
[Round "5.17"]
[White "Dinev,De"]
[Black "Rzayev,B"]
[Result "0-1"]
[WhiteElo "2290"]
[BlackElo "2391"]

1.e4 e5 2.Nf3 Nc6 3.Bb5 Nge7 4.Qe2 g6 5.c3 Bg7 6.d3 a6 7.Ba4 O-O 8.h3 b5 9.Bc2
d5 10.Nbd2 a5 11.Nf1 f5 12.Ne3 Kh8 13.g4 d4 14.Nf1 fxe4 15.dxe4 dxc3 16.bxc3
b4 17.Bb2 bxc3 18.Bxc3 Ba6 19.Qd1 Nd4 20.Bxd4 exd4 21.Bd3 c5 22.Bxa6 Rxa6
23.N1d2 Nc6 24.O-O Ne5 25.Nxe5 Bxe5 26.Nc4 Bf4 27.Qd3 Re6 28.Kg2 Rfe8 29.Rfe1
Qa8 30.Qf3 g5 31.h4 Rf8 32.Qd3 gxh4 33.f3 h3+ 34.Kxh3 Rh6+ 35.Kg2 Rh2+ 36.Kg1
Qd8 37.Ne3 Qh4 {#R} 0-1

[Event "Karpos Open 2017"]
[Site "Skopje MKD"]
[Date "2017.04.04"]
[Round "5.20"]
[White "Petrov,G MKD"]
[Black "Stathopoulos,I"]
[Result "0-1"]
[WhiteElo "2174"]
[BlackElo "2377"]

1.Nf3 Nf6 2.c4 g6 3.g3 Bg7 4.Bg2 O-O 5.O-O d6 6.d4 Nc6 7.Nc3 Rb8 8.b3 a6 9.Bb2
Bd7 10.a3 b5 11.cxb5 axb5 12.b4 Na7 13.e4 Nc8 14.e5 Ne8 15.Qe2 c6 16.d5 cxd5
17.Nxd5 e6 18.Ne3 d5 19.Bd4 Nc7 20.Bc5 Re8 21.Nc2 Nb6 22.Bxb6 Rxb6 23.Ncd4 Na8
24.Nb3 Rb8 25.Nfd4 Nb6 26.Na5 Qc7 27.f4 Nc4 28.Nxc4 bxc4 29.g4 Ra8 30.Kh1 Ra6
31.Rf3 Rea8 32.Re3 Bf8 33.Qb2 Qa7 34.Nc2 Ba4 35.Nd4 Bb3 36.Rae1 Rxa3 37.Nxb3
cxb3 38.Rxb3 Rxb3 39.Qxb3 Qd4 40.f5 Ra1 41.Rb1 Qxe5 42.fxe6 fxe6 43.h3 Bd6
44.Kg1 Ra8 45.Rb2 Qd4+ 46.Kh1 Qf4 47.Kg1 Rf8 {#R} 0-1

[Event "Karpos Open 2017"]
[Site "Skopje MKD"]
[Date "2017.04.04"]
[Round "5.21"]
[White "Dorfanis,I"]
[Black "Brokken,D"]
[Result "0-1"]
[WhiteElo "2164"]
[BlackElo "2370"]

1.d4 d5 2.c4 c6 3.Nf3 Nf6 4.e3 e6 5.b3 Nbd7 6.Bb2 Bd6 7.Bd3 O-O 8.O-O b6 9.Ne5
Bb7 10.f4 Ne4 11.Nc3 Nxc3 12.Bxc3 c5 13.Qf3 cxd4 14.exd4 f5 15.Qe3 Nxe5
16.fxe5 Be7 17.Rad1 Rc8 18.Be2 Ba6 19.Bf3 Qc7 20.Rf2 dxc4 21.b4 Bb7 22.d5 Bxd5
23.Bxd5 exd5 24.Rxd5 Qc6 25.Rfd2 Rcd8 26.Rxd8 Rxd8 27.Rxd8+ Bxd8 28.Qd4 Be7
29.e6 Bf6 30.Qd7 Qxd7 31.exd7 Bd8 32.Kf2 Kf7 33.Ke3 b5 34.Kd4 Ke6 35.Kc5 a6
36.Kc6 g5 37.g3 f4 38.gxf4 gxf4 39.Bd2 f3 {#R} 0-1

[Event "Polar Capital Jersey Open"]
[Site "St Clement Bay JCI"]
[Date "2017.04.04"]
[Round "5.1"]
[White "Speelman,J"]
[Black "Rudd,J"]
[Result "1-0"]
[WhiteElo "2511"]
[BlackElo "2177"]

1.Nf3 Nf6 2.c4 g6 3.Nc3 Bg7 4.e4 O-O 5.d4 d6 6.h3 e5 7.d5 Nbd7 8.Be3 a5 9.g4
Nc5 10.Nd2 Kh8 11.Be2 Ng8 12.h4 f5 13.h5 fxg4 14.hxg6 Ne7 15.Bxg4 Nd3+ 16.Kf1
h6 17.Bxc8 Rxc8 18.Rxh6+ Bxh6 19.Qh5 Rxf2+ 20.Kg1 Ng8 21.Bxh6 Nf6 22.Qh3 Qd7
23.Qxd3 Ng4 24.Nf3 Rg8 25.Nh4 Rxb2 26.Bg5 Kg7 27.Rf1 Nf2 28.Qf3 Nh3+ 29.Kh1
Nxg5 30.Qf6+ Kh6 31.Nf5+ Kh5 32.g7 Kg4 33.Rg1+ Kh3 34.Rg3# 1-0

[Event "Polar Capital Jersey Open"]
[Site "St Clement Bay JCI"]
[Date "2017.04.04"]
[Round "5.3"]
[White "Merry,Alan B"]
[Black "Hebden,M"]
[Result "1-0"]
[WhiteElo "2412"]
[BlackElo "2494"]

1.e4 e5 2.Nf3 Nc6 3.Nc3 Nf6 4.Bb5 Nd4 5.Bc4 Nxf3+ 6.gxf3 Be7 7.Rg1 c6 8.d4
exd4 9.Qxd4 b5 10.Bd3 b4 11.Ne2 c5 12.Qe3 d5 13.Rxg7 Nh5 14.Qh6 Nxg7 15.Qxg7
Rf8 16.exd5 Bf6 17.Qxh7 Rh8 18.Qe4+ Kf8 19.Be3 Qd6 20.Qc4 Be7 21.Ng3 Rh4 22.f4
Bg4 23.Ne4 Qh6 24.f5 Qh8 25.d6 Bd8 26.Qxc5 Bb6 27.Qc6 Rd8 28.Bxb6 axb6 29.Qxb6
Kg7 30.f6+ Kg6 31.Qxb4 Bf5 32.O-O-O Qh6+ 33.Kb1 Qf4 34.Qb6 Rd7 35.Nc5 Bxd3
36.Nxd3 Qxf6 37.f4 Kh7 38.Ne5 Rd8 39.Nxf7 Rf8 40.Ng5+ Kh8 41.Qe3 {#r} 1-0

[Event "Polar Capital Jersey Open"]
[Site "St Clement Bay JCI"]
[Date "2017.04.04"]
[Round "5.10"]
[White "Kirby,Pe"]
[Black "Webster,Jim J"]
[Result "1-0"]
[WhiteElo "1985"]
[BlackElo "1807"]

1.c4 c5 2.g3 Nc6 3.Bg2 g6 4.Nc3 Bg7 5.Nf3 Nf6 6.d4 cxd4 7.Nxd4 O-O 8.O-O d6
9.Nxc6 bxc6 10.Bxc6 Rb8 11.Bg2 Ba6 12.b3 e6 13.Bf4 Ne8 14.Rc1 Rc8 15.e4 Qe7
16.Qd2 Bb7 17.Rfd1 Rd8 18.Nb5 e5 19.Bg5 f6 20.Be3 a6 21.Nc3 Qf7 22.c5 Qe6
23.Nd5 dxc5 24.Ne7+ {#r} 1-0

[Event "Polar Capital Jersey Open"]
[Site "St Clement Bay JCI"]
[Date "2017.04.04"]
[Round "5.13"]
[White "Spanton,T"]
[Black "Forbes,G"]
[Result "1-0"]
[WhiteElo "1927"]
[BlackElo "1898"]

1.e4 g6 2.d4 Bg7 3.Nc3 d6 4.Nf3 a6 5.a4 b6 6.Bc4 e6 7.O-O Ne7 8.Re1 h6 9.Be3
Nd7 10.Qd2 Bb7 11.Rad1 Nf6 12.Bd3 d5 13.exd5 Nexd5 14.Nxd5 Qxd5 15.c4 Qh5
16.Be2 Ne4 17.Qc2 O-O 18.Ng5 Qh4 19.g3 Nxg3 20.fxg3 {#r} 1-0

[Event "Polar Capital Jersey Open"]
[Site "St Clement Bay JCI"]
[Date "2017.04.04"]
[Round "5.14"]
[White "Bryant,R"]
[Black "Boxal,G"]
[Result "1-0"]
[WhiteElo "1984"]
[BlackElo "1993"]

1.e4 c5 2.Nc3 Nc6 3.f4 e6 4.Nf3 d5 5.Bb5 dxe4 6.Bxc6+ bxc6 7.Nxe4 Nf6 8.Qe2
Nxe4 9.Qxe4 Qd5 10.Qe2 Be7 11.O-O O-O 12.b3 Bf6 13.Rb1 a5 14.a4 Rd8 15.d3 Re8
16.Ne5 Bd8 17.Bb2 f6 18.Nc4 Ba6 19.Ne3 Qd7 20.Qg4 Bc8 21.Qg3 Qf7 22.Rf3 Bc7
23.Qf2 e5 24.fxe5 Bxe5 25.Bxe5 Rxe5 26.Nc4 Rg5 27.Re1 Be6 28.Nd6 Qc7 29.Rxe6
{#r} 1-0

[Event "3rd Ordu Open 2017"]
[Site "Ordu TUR"]
[Date "2017.04.04"]
[Round "1.2"]
[White "Zubov,A UKR"]
[Black "Karagollu,A"]
[Result "1-0"]
[WhiteElo "2600"]
[BlackElo "2103"]

1.d4 Nf6 2.c4 g6 3.Nc3 Bg7 4.e4 d6 5.Nf3 O-O 6.Be2 e5 7.d5 a5 8.Bg5 Na6 9.Nd2
Nc5 10.h4 h6 11.Be3 Ne8 12.h5 f5 13.hxg6 f4 14.Bxc5 dxc5 15.Bg4 Ra6 16.Bxc8
Qxc8 17.Nf3 Rxg6 18.Nh4 Rg5 19.Qe2 Nd6 20.Nb5 Qd7 21.a4 Kh7 22.Ra3 Rg8 23.Rah3
Nf7 24.Kf1 Bf8 25.R1h2 Qc8 26.Nf5 Qd7 27.Qe1 b6 28.Qd1 R5g6 29.Rh5 Ng5 30.Qg4
Nf7 31.Qh4 c6 32.Nc3 cxd5 33.exd5 Bg7 34.b3 Re8 35.Ne4 Qd8 36.Qxd8 Rxd8 37.Ne7
Bf6 38.Nxg6 Kxg6 39.g3 fxg3 40.fxg3 Bg5 41.Ke2 Nd6 42.Nxg5 hxg5 43.Rh8 Rd7
44.g4 {#r} 1-0

[Event "3rd Ordu Open 2017"]
[Site "Ordu TUR"]
[Date "2017.04.04"]
[Round "1.3"]
[White "Zarinfam,A"]
[Black "Jojua,D"]
[Result "0-1"]
[WhiteElo "2188"]
[BlackElo "2587"]

1.e4 c5 2.c3 Nf6 3.e5 Nd5 4.d4 cxd4 5.cxd4 e6 6.Nf3 b6 7.Nc3 Nxc3 8.bxc3 Qc7
9.Bd2 Be7 10.Bd3 Ba6 11.c4 Bxc4 12.Rc1 b5 13.Bxc4 bxc4 14.Qa4 O-O 15.Rxc4 Nc6
16.O-O Qb7 17.Rd1 Rab8 18.Bg5 Rfc8 19.Bxe7 Nxe7 20.Nd2 Nd5 21.Qa3 Nf4 22.f3 h6
23.g3 Nd5 24.Rdc1 Rxc4 25.Rxc4 Rc8 26.Qb3 Qa6 27.Rxc8+ Qxc8 28.Nc4 Qc7 29.Kf2
Ne7 30.Nd6 Qc1 31.Qb8+ Kh7 32.Nxf7 Qd2+ 33.Kf1 Nd5 34.Qb1+ g6 {#R} 0-1